00436nam a22001577a 450000500170000001000150001702000300003203500140006203700130007608200120008910000190010124500510012026000360017127000410020730000300024820221207144756.0 aENG-135767 a978-81-85990-11-8c295.00 aEN-119299 bDBAD/PUB a954.042 aGoel, Sita Ram aGenesis and growth of nehruism/cSita Ram Goel aNew DelhibVoice of Indiac2018 a2/18, Ansari RoadbNew Delhie110002 a231 p.c22cm(pbk)bIndex